| 000 | 00437nam a2200157 i 4500 | ||
|---|---|---|---|
| 001 | 34978 | ||
| 003 | ES-MaACL | ||
| 005 | 20230906155030.0 | ||
| 007 | t| | ||
| 008 | 030211s1932 mx ||||1| spa d | ||
| 100 | 1 |
_aBojorquez, Juan de Dios. _929926 |
|
| 245 | 1 | 3 |
_aLa immigración española en México / _cpor Juan de Dios Bojorquez. |
| 260 |
_aMéxico : _bCrisol, _c1932. |
||
| 300 |
_a21 p. ; _c22 cm. |
||
| 852 |
_aES-MaACL _j1780-F-17 |
||
| 999 |
_c34978 _d34978 |
||